| 000 | 00991cam a2200325Mu 4500 | ||
|---|---|---|---|
| 001 | 93525 | ||
| 005 | 20230410132939.0 | ||
| 008 | 000623s1997 fr 000 0 fre d | ||
| 035 | _a(OCoLC)ocn222753076 | ||
| 040 |
_aKIJ _cKIJ _dOCLCG |
||
| 020 | _a2130480950 | ||
| 020 | _a9782130480952 | ||
| 035 | _a(OCoLC)222753076 | ||
| 049 | _aGRAL | ||
| 050 | 1 | 4 |
_aB 2799 _bD348p 1997 |
| 100 | 1 |
_aDeleuze, Gilles, _d1925-1995. |
|
| 245 | 1 | 3 |
_aLa philosophie critique de Kant / _cGilles Deleuze. |
| 260 |
_a[Paris] : _bQuadrige/Presses Univeristaires de France, _cc1997. |
||
| 300 |
_a107 p. ; _c19 cm. |
||
| 504 | _aIncludes bibliographical references. | ||
| 534 | _pPrevious ed. : 1963. | ||
| 650 | 0 | _aPhilosophy | |
| 600 | 1 | 0 |
_aKant, Immanuel, _d1724-1804 _xCriticism and interpretation. |
| 600 | 1 | 4 | _aKant, Immanuel, 1724-1804 - Crítica e interpretación |
| 650 | 4 | _aCES | |
| 650 | 4 | _aColección Enriquillo Sánchez | |
| 942 |
_2lcc _cbk |
||
| 966 | _aRCH | ||
| 994 |
_aC0 _bDRFGD |
||
| 999 |
_c90679 _d90679 |
||